000 00633nam a2200229Ia 4500
003 OSt
005 20220928144525.0
006 a|||||r|||| 00| 0
007 ta
008 220927b |||||||| |||| 00| 0 eng d
024 _a71370
037 _cTextual
040 _aSDCL
_cSDCL
_beng
041 _2eng
_aeng
082 _aI:68, N2
100 _aAdams Robert Ed.
_9508036
245 0 _aConservation of plant genes
_b DNA banking in vitro biotechnology.
260 _c1992
700 _a Adams Janice E Ed.
_9508037
942 _hI:68, N2
_cTEXL
_2CC
999 _c827549
_d827549